Critical currents in superconductors for practical applications : proceedings of the International Workshop : Xi'an, March 6-8, 1997 /

Bibliographic Details
Corporate Author: International Workshop on Critical Currents in Superconductors for Practical Applications Sian, China
Other Authors: Zhou, L. (Lian), Weber, Harald W., Collings, E. W.
Format: Conference Proceeding Book
Language:English
Published: Singapore ; River Edge, NJ : World Scientific, [1998]
Subjects:

MARC

Tag First Indicator Second Indicator Subfields
LEADER 00000cam a2200000 a 4500
001 in00001437607
005 20151020095908.0
008 980803s1998 si a b 101 0 eng d
020 |a 9810233132 
035 |a (OCoLC)39628926 
035 |9 AHS5562AM 
040 |a UMC  |c UMC  |d TXA  |d UtOrBLW 
049 |a TXAM 
090 |a TK7872.S8  |b I583 1997 
111 2 |a International Workshop on Critical Currents in Superconductors for Practical Applications  |d (1997 :  |c Sian, China) 
245 1 0 |a Critical currents in superconductors for practical applications :  |b proceedings of the International Workshop : Xi'an, March 6-8, 1997 /  |c editors, L. Zhou, H.W. Weber, E.W. Collings. 
264 1 |a Singapore ;  |a River Edge, NJ :  |b World Scientific,  |c [1998] 
264 4 |c ©1998 
300 |a xvii, 445 pages :  |b illustrations ;  |c 23 cm. 
336 |a text  |b txt  |2 rdacontent 
337 |a unmediated  |b n  |2 rdamedia 
338 |a volume  |b nc  |2 rdacarrier 
504 |a Includes bibliographical references and index. 
650 0 |a Superconductors  |v Congresses. 
650 0 |a Flux pinning  |x Congresses. 
650 0 |a Critical currents  |x Congresses. 
700 1 |a Zhou, L.  |q (Lian) 
700 1 |a Weber, Harald W. 
700 1 |a Collings, E. W. 
948 |a c:en 
999 |a MARS 
999 f f |s c26ad49b-3ba7-37b7-89fe-5bffc308540d  |i 924c8edf-68e4-3ecb-b0d0-b16fa636b441  |t 0 
952 f f |p ric  |a Texas A&M University  |b Rellis Campus  |c Joint Library Facility  |d Remote Storage  |t 0  |e TK7872.S8 I583 1997  |h Library of Congress classification  |i unmediated -- volume  |m A14823498871 
998 f f |a TK7872.S8 I583 1997  |t 0  |l Remote Storage